| 000 | 00510nam a2200157Ia 4500 | ||
|---|---|---|---|
| 003 | Ost | ||
| 005 | 20260507075700.0 | ||
| 008 | 260507s9999||||xx |||||||||||||| ||und|| | ||
| 040 | _cfsecg | ||
| 041 | _aara | ||
| 100 |
_aابوشيحة، نادر احمد _eمؤلف |
||
| 245 | 0 |
_aادارة الموارد البشرية / _c نادر احمد ابوشيحة |
|
| 260 |
_aعمان: _bدار الصفاء للنشر والتوزيع, _c1994 |
||
| 653 | _aادارة - موارد بشرية | ||
| 942 | _cكتاب | ||
| 999 |
_c45802 _d45802 |
||